|
|
|
|
| LEADER |
00721cam a2200205 a 4500 |
| 001 |
0000079347 |
| 005 |
20120105090000.0 |
| 040 |
|
|
|a mod
|
| 041 |
|
|
|a eng
|
| 020 |
0 |
0 |
|a 075464085X
|
| 090 |
0 |
0 |
|a 387.7360688
|b JAR
|e 2005
|
| 100 |
1 |
0 |
|a Jarach
|h David
|
| 245 |
0 |
0 |
|a Airport marketing
|b strategies to cope with the new millennium environment
|c David Jarach
|
| 260 |
0 |
0 |
|a Aldershot
|b Ashgate Publishing
|c 2005
|
| 300 |
0 |
0 |
|a xii, 140 p.
|c 24 cm
|
| 500 |
0 |
0 |
|a Includes bibliographical references and index
|
| 650 |
0 |
0 |
|a Airports
|x Management
|
| 650 |
0 |
0 |
|a Airport
|x Economic aspects
|
| 650 |
0 |
0 |
|a Aeronautics, commercial
|x Economic aspects
|
| 999 |
|
|
|a 0241758
|b PU SUBANG (TUDM SUBANG)
|d BOOKS
|e Umum
|f PU Subang (TUDM Subang)
|j AVAILABLE
|p 1
|q GOOD CONDITION
|